书目信息 |
| 题名: |
关于按劳分配问题
|
|
| 作者: | ;本社 编 | |
| 分册: | ||
| 出版信息: | 北京 生活·读书·新知三联书店 1979.8 |
|
| 页数: | 639页 | |
| 开本: | 20cm | |
| 丛书名: | ||
| 单 册: | ||
| 中图分类: | F046 , F244 | |
| 科图分类: | ||
| 主题词: | 社会主义社会--生产方式 , 劳动经济 | |
| 电子资源: | ||
| ISBN: | ||
| 000 | 00818nam0 2200241 45 | |
| 001 | 0303190870 | |
| 005 | 20031219104110.2 | |
| 010 | @dCNY1.55 | |
| 091 | @a4002.276 | |
| 100 | @a20030319d1979 km y0chiy0120 ea | |
| 101 | 0 | @achi |
| 105 | @a z 000yy | |
| 200 | 1 | @a关于按劳分配问题@AGuan Yu An Lao Fen Pei Wen Ti@e经济学界1978年第四次讨论会发言汇编@EJing Ji Xue Jie 1978 Nian Di Si Ci Tao Lun Hui Fa Yan Hui Bian@f本社编@FBen She Bian |
| 210 | @a北京@c生活·读书·新知三联书店@d1979.8 | |
| 215 | @a639页@d20cm | |
| 517 | @a经济学界1978年第四次讨论会发言汇编@AJing Ji Xue Jie 1978 Nian Di Si CiTao Lun Hui Fa Yan Hui Bian | |
| 606 | 0 | @a社会主义社会@x生产方式 |
| 606 | 0 | @a劳动经济 |
| 690 | @aF046@v3 | |
| 690 | @aF244 | |
| 711 | 02 | @a本社@4编 |
| 801 | @aCN@bTSTC@c20030526 | |
| 905 | @dF244@f1@b26790@e478 | |
| 关于按劳分配问题:经济学界1978年第四次讨论会发言汇编/本社编.-北京:生活·读书·新知三联书店,1979.8 |
| 639页;20cm |
| ISBN :CNY1.55 |
| ● |
| 相关链接 |
|
|
|
|
正题名:关于按劳分配问题
索取号:F244/478
 
预约/预借
| 序号 | 登录号 | 条形码 | 馆藏地/架位号 | 状态 | 备注 |
| 1 | 0026790 | 001792787 | 密集书库/ [索取号:F244/478] | 在馆 |